000 00616nam a22001937a 4500
999 _c34619
_d34619
003 OSt
005 20240118164242.0
008 240118b ||||| |||| 00| 0 eng d
020 _a978-1-4562-6390-4
040 _aBMC
_cBMC
082 _a612.64
100 1 _948081
_aHenriquez Martinez, Ana Maria
245 1 0 _aManual de prácticas de laboratorio de embriología
_cAna María Enríquez Martínez, Suyapa Molina
260 _aMéxico D.F. [etc.]
_bMcGraw-Hill
_ccop. 2018
300 _a61 + 9 p.
_c27 cm
650 2 4 _94344
_aEmbriología humana
700 1 _948082
_aMolina, Suyapa
942 _2ddc
_cBK
_hprozim